[Event "AUTO-MASTER-1371"]
[Site "http://www.queenalice.com/game.php?id=915120"]
[Date "2011.3.20"]
[Round "1"]
[White "OrlandoRochaFilho"]
[Black "Artking"]
[Result "1-0"]
[WhiteElo "2035"]
[BlackElo "1956"]

1. b3 e5 2. Bb2 Nc6 3. e3 f5 4. Nf3 d6 5. Be2 Nf6 6. O-O h6 7. Nh4 Ne7 8. Bh5+
Nxh5 9. Qxh5+ Kd7 10. Qf7 Kc6 11. Nc3 a6 12. f4 e4 13. a4 b6 14. Ng6 Nxg6 15.
Qd5+ Kd7 16. Qxf5+ Kc6 17. Qd5+ Kd7 18. Qxa8 c6 19. Nxe4 Qc7 20. f5 Ne5 21. f6
gxf6 22. Nxf6+ Ke6 23. d4 Ng6 24. d5+ Ke7 25. dxc6 Be6 26. Qe8# 1-0

[Event "AUTO-MASTER-1371"]
[Site "http://www.queenalice.com/game.php?id=915127"]
[Date "2011.3.20"]
[Round "1"]
[White "SacrificioDeRei"]
[Black "OrlandoRochaFilho"]
[Result "1-0"]
[WhiteElo "2080"]
[BlackElo "1922"]

1. e4 c5 2. Nf3 d6 3. d4 cxd4 4. Nxd4 Nf6 5. Nc3 a6 6. Be2 e5 7. Nb3 Be7 8. O-O
O-O 9. Be3 Be6 10. f4 exf4 11. Bxf4 Nc6 12. Qe1 1-0

[Event "AUTO-MASTER-1371"]
[Site "http://www.queenalice.com/game.php?id=915128"]
[Date "2011.3.20"]
[Round "1"]
[White "OrlandoRochaFilho"]
[Black "SacrificioDeRei"]
[Result "0-1"]
[WhiteElo "1933"]
[BlackElo "2069"]

1. b3 e5 2. Bb2 Nc6 3. e3 d5 4. Bb5 Nf6 5. Bxe5 Be7 6. Nf3 O-O 7. Bxc6 bxc6 8.
O-O Bg4 9. h3 Bh5 10. Qe1 Bxf3 11. gxf3 Qd7 12. Kh2 Qf5 0-1

[Event "AUTO-MASTER-1372"]
[Site "http://www.queenalice.com/game.php?id=915793"]
[Date "2011.3.21"]
[Round "1"]
[White "clovis"]
[Black "OrlandoRochaFilho"]
[Result "1-0"]
[WhiteElo "2116"]
[BlackElo "2048"]

1. e4 c5 2. Nf3 d6 3. d4 cxd4 4. Qxd4 Nc6 5. Bb5 Bd7 6. Qd3 Nf6 7. O-O g6 8. Nc3
Bg7 9. Bg5 O-O 10. Rad1 a6 11. Ba4 b5 12. Bb3 Na5 13. e5 1-0

[Event "AUTO-MASTER-1372"]
[Site "http://www.queenalice.com/game.php?id=915794"]
[Date "2011.3.21"]
[Round "1"]
[White "OrlandoRochaFilho"]
[Black "clovis"]
[Result "1-0"]
[WhiteElo "2036"]
[BlackElo "2126"]

1. b3 e5 2. Bb2 Nc6 3. e3 Nf6 4. Nf3 e4 5. Nd4 d5 6. Be2 Bd6 7. O-O Ne5 8. f4
exf3 9. Nxf3 Nfg4 10. Nxe5 Nxh2 11. Nxf7 Qh4 12. Nxd6+ cxd6 13. Rf4 Qh6 14. Bh5+
g6 15. Bxh8 1-0

[Event "AUTO-MASTER-1372"]
[Site "http://www.queenalice.com/game.php?id=915807"]
[Date "2011.3.21"]
[Round "1"]
[White "toninhojit"]
[Black "OrlandoRochaFilho"]
[Result "1-0"]
[WhiteElo "2204"]
[BlackElo "2094"]

1. d4 Nf6 2. c4 g6 3. Nc3 Bg7 4. e4 O-O 5. Nf3 d6 6. Be2 e5 7. O-O Nc6 8. d5 Ne7
9. Ne1 Nd7 10. Be3 f5 11. f3 f4 12. Bf2 Nf6 13. c5 g5 14. Rc1 h5 15. cxd6 cxd6
16. Nb5 a6 17. Nc7 1-0

[Event "AUTO-MASTER-1372"]
[Site "http://www.queenalice.com/game.php?id=915808"]
[Date "2011.3.21"]
[Round "1"]
[White "OrlandoRochaFilho"]
[Black "toninhojit"]
[Result "0-1"]
[WhiteElo "2061"]
[BlackElo "2244"]

1. b3 d5 2. Bb2 Bg4 3. Nf3 Bxf3 4. exf3 Nf6 5. Be2 g6 6. O-O Bg7 7. f4 O-O 8. d3
c5 9. c4 Nc6 10. Nc3 d4 11. Nb1 Qc7 12. g3 Rfe8 13. Nd2 e5 14. fxe5 Nxe5 15. Nf3
Nfd7 16. Nxe5 Nxe5 17. Re1 Qc6 18. f4 Nd7 19. Kf2 Re3 20. Bf1 Rae8 21. Rxe3
dxe3+ 22. Kg1 Bxb2 0-1

[Event "AUTO-MASTER-1372"]
[Site "http://www.queenalice.com/game.php?id=915817"]
[Date "2011.3.21"]
[Round "1"]
[White "OrlandoRochaFilho"]
[Black "Neimar_Dantas"]
[Result "0-1"]
[WhiteElo "1974"]
[BlackElo "2101"]

1. b3 d5 2. Bb2 Nf6 3. e3 e6 4. Nf3 Be7 5. Bb5+ c6 6. Be2 O-O 7. O-O Nbd7 8. c4
Qc7 9. Nd4 dxc4 10. bxc4 Nb6 11. Nf3 Bd7 12. d4 Rfe8 13. Nc3 c5 14. Qc2 cxd4 15.
Nxd4 a6 16. Rac1 Nxc4 17. Bxc4 Qxc4 18. Nf3 Rac8 19. Qb1 Qb4 20. Ne2 Bb5 21.
Rfe1 Rxc1 22. Qxc1 Bxe2 23. Rxe2 Nd5 24. Nd4 Bd6 25. h3 h6 26. Rd2 Re7 27. Rc2
Rc7 28. Rxc7 Nxc7 29. Kf1 Qa5 0-1

[Event "AUTO-MASTER-1372"]
[Site "http://www.queenalice.com/game.php?id=915818"]
[Date "2011.3.21"]
[Round "1"]
[White "Neimar_Dantas"]
[Black "OrlandoRochaFilho"]
[Result "0-1"]
[WhiteElo "2111"]
[BlackElo "2050"]

1. d4 Nf6 2. Nf3 g6 3. e3 Bg7 4. Be2 O-O 5. O-O d6 6. c4 Nbd7 7. b4 e5 8. Bb2
exd4 9. Nxd4 Re8 10. Nd2 Ne5 11. Qc2 Be6 12. Nxe6 Rxe6 13. Rad1 Qe8 14. Nf3 Rb8
15. Nd4 Re7 16. c5 dxc5 17. Qxc5 a6 18. Bxa6 bxa6 19. f4 Ne4 20. Qd5 Nf6 21. Qb3
Neg4 22. f5 Nxe3 23. fxg6 hxg6 0-1

[Event "AUTO-MASTER-1373"]
[Site "http://www.queenalice.com/game.php?id=916349"]
[Date "2011.3.23"]
[Round "1"]
[White "rodriguesr"]
[Black "OrlandoRochaFilho"]
[Result "1-0"]
[WhiteElo "2104"]
[BlackElo "1943"]

1. d4 Nf6 2. c4 g6 3. Nc3 Bg7 4. e4 O-O 5. Nf3 d6 6. Bd3 e5 7. d5 a5 8. O-O Na6
9. h3 Nc5 10. Bc2 b6 11. a3 Ne8 12. Ne1 1-0

[Event "AUTO-MASTER-1373"]
[Site "http://www.queenalice.com/game.php?id=916350"]
[Date "2011.3.23"]
[Round "1"]
[White "OrlandoRochaFilho"]
[Black "rodriguesr"]
[Result "0-1"]
[WhiteElo "1953"]
[BlackElo "2095"]

1. b3 d5 2. Bb2 c5 3. e3 Nc6 4. Bb5 Bd7 5. Bxc6 Bxc6 6. f4 e6 7. Nf3 Nf6 8. O-O
Be7 9. Ne5 O-O 10. Nxc6 bxc6 11. d3 a5 12. a4 Qc7 0-1

[Event "AUTO-MASTER-1373"]
[Site "http://www.queenalice.com/game.php?id=916363"]
[Date "2011.3.23"]
[Round "1"]
[White "Buuuu"]
[Black "OrlandoRochaFilho"]
[Result "1-0"]
[WhiteElo "2042"]
[BlackElo "1988"]

1. e4 c5 2. Nf3 d6 3. d4 cxd4 4. Nxd4 Nf6 5. Nc3 a6 6. Bc4 e6 7. Bb3 Nbd7 8. Bg5
Nc5 9. Qe2 h6 10. Bxf6 Qxf6 11. Nf3 Be7 12. O-O-O Bd7 13. Kb1 Nxb3 14. axb3 Bc6
15. Nd4 O-O 16. Nxc6 bxc6 17. Rhe1 Qg6 18. f4 Rfe8 19. g4 Qf6 20. e5 dxe5 21.
fxe5 Qg5 22. Qf3 Rac8 23. h4 Qxh4 24. Ne4 1-0

[Event "AUTO-MASTER-1373"]
[Site "http://www.queenalice.com/game.php?id=916364"]
[Date "2011.3.23"]
[Round "1"]
[White "OrlandoRochaFilho"]
[Black "Buuuu"]
[Result "0-1"]
[WhiteElo "2078"]
[BlackElo "2018"]

1. b3 Nf6 2. Bb2 Nc6 3. e3 d5 4. Nf3 Bg4 5. Be2 e6 6. O-O Bd6 7. h3 Bh5 8. Nd4
Bxe2 9. Qxe2 Nxd4 10. Bxd4 e5 11. Bb2 c6 12. d3 e4 13. c4 exd3 14. Qxd3 dxc4 15.
Qxc4 Qe7 16. Nd2 O-O-O 17. Rad1 h5 18. Bxf6 gxf6 19. Ne4 Bc7 20. b4 Qe5 21. f4
Qe7 22. Qc5 Qxe4 0-1

[Event "AUTO-MASTER-1373"]
[Site "http://www.queenalice.com/game.php?id=916373"]
[Date "2011.3.23"]
[Round "1"]
[White "OrlandoRochaFilho"]
[Black "TheWatcher"]
[Result "0-1"]
[WhiteElo "1912"]
[BlackElo "2101"]

1. b3 Nf6 2. Bb2 Nc6 3. e3 e5 4. Nf3 d6 5. Be2 Be7 6. O-O O-O 7. d4 exd4 8. Nxd4
Nxd4 9. Bxd4 c5 10. Bb2 a6 11. c4 Bf5 12. Nc3 Nd7 13. Nd5 Be4 14. Bf3 Bxf3 15.
Qxf3 Ne5 16. Qe4 f5 17. Qc2 Rf7 18. Rad1 Rc8 19. Rd2 Bf8 20. e4 f4 21. Bxe5 dxe5
22. f3 Qg5 23. Qd3 Rc6 0-1

[Event "AUTO-MASTER-1373"]
[Site "http://www.queenalice.com/game.php?id=916374"]
[Date "2011.3.23"]
[Round "1"]
[White "TheWatcher"]
[Black "OrlandoRochaFilho"]
[Result "1-0"]
[WhiteElo "2107"]
[BlackElo "1904"]

1. e4 c5 2. Nc3 d6 3. Bc4 Nc6 4. Nge2 Nf6 5. f3 g6 6. O-O Bg7 7. a3 O-O 8. Kh1
a6 9. a4 Nd7 10. Nd5 e6 11. Ndf4 Nde5 12. Ba2 b5 13. d4 Nxd4 14. Nxd4 cxd4 15.
Ne2 Nc6 16. c3 dxc3 17. bxc3 Qc7 18. Be3 Bb7 19. Rc1 1-0

[Event "AUTO-MASTER-1374"]
[Site "http://www.queenalice.com/game.php?id=916733"]
[Date "2011.3.24"]
[Round "1"]
[White "OrlandoRochaFilho"]
[Black "alainbouley"]
[Result "0-1"]
[WhiteElo "1896"]
[BlackElo "2130"]

1. b3 d5 2. Bb2 Bg4 3. Nf3 Nd7 4. e3 Ngf6 5. Be2 e6 6. O-O Bd6 7. Nd4 Bxe2 8.
Qxe2 O-O 9. h3 c5 10. Nf3 a6 11. d3 Qc7 12. Nbd2 b5 13. c4 Rfe8 14. Rac1 Qb7 15.
e4 dxe4 16. Nxe4 Nxe4 17. dxe4 e5 18. Rcd1 Bf8 19. cxb5 axb5 20. Ra1 f6 21. Nh4
g6 22. Qg4 Kh8 23. Rfd1 Rad8 24. Rd5 Nb6 25. Rxd8 Rxd8 26. Bxe5 fxe5 27. Nxg6+
hxg6 28. Qh4+ Kg7 29. Qxd8 Nd7 0-1

[Event "AUTO-MASTER-1374"]
[Site "http://www.queenalice.com/game.php?id=916734"]
[Date "2011.3.24"]
[Round "1"]
[White "alainbouley"]
[Black "OrlandoRochaFilho"]
[Result "1-0"]
[WhiteElo "2135"]
[BlackElo "2045"]

1. d4 Nf6 2. Nf3 g6 3. c4 Bg7 4. g3 O-O 5. Bg2 d6 6. Nc3 Nbd7 7. O-O c6 8. e4 e5
9. h3 exd4 10. Nxd4 Ne5 11. Qe2 Be6 12. Nxe6 fxe6 13. Be3 Nfd7 14. Rad1 Nf7 15.
Qc2 Nb6 16. b3 Qe7 17. Ne2 Rfd8 18. f4 Nd7 19. Bc1 Rf8 20. f5 exf5 21. exf5 1-0

[Event "AUTO-MASTER-1374"]
[Site "http://www.queenalice.com/game.php?id=916735"]
[Date "2011.3.24"]
[Round "1"]
[White "OrlandoRochaFilho"]
[Black "carlosfed"]
[Result "0-1"]
[WhiteElo "1872"]
[BlackElo "1870"]

1. b3 e5 2. Bb2 d6 3. e3 Nf6 4. c4 Be7 5. Nc3 a6 6. Nf3 Bg4 7. Be2 Nbd7 8. O-O
O-O 9. d4 exd4 10. Nxd4 Bxe2 11. Qxe2 Nc5 12. Nf5 g6 13. Nxe7+ Qxe7 14. Rad1
Nce4 15. Nxe4 Nxe4 16. f3 Nc5 17. e4 f5 18. Rfe1 Rae8 19. b4 Nd7 20. Qd2 f4 21.
Qd5+ Rf7 22. Qxb7 Ne5 23. Bxe5 dxe5 24. c5 Qe6 25. Rd5 c6 26. Rd6 Rxb7 0-1

[Event "AUTO-MASTER-1374"]
[Site "http://www.queenalice.com/game.php?id=916736"]
[Date "2011.3.24"]
[Round "1"]
[White "carlosfed"]
[Black "OrlandoRochaFilho"]
[Result "1-0"]
[WhiteElo "1884"]
[BlackElo "1890"]

1. e4 c5 2. c4 g6 3. d3 Bg7 4. Nf3 e6 5. Nc3 Ne7 6. Nb5 d5 7. Be2 O-O 8. e5 a6
9. Nd6 Nf5 10. Nxc8 Qxc8 11. Bf4 Nc6 12. a3 d4 13. g4 Nh6 14. h3 Kh8 15. Qd2 Ng8
16. h4 h6 17. h5 g5 18. Bg3 Qc7 19. O-O-O b5 20. Nxg5 hxg5 21. Kb1 Bh6 22. f4
Qe7 23. Bf3 Rac8 24. Bxc6 Rxc6 25. Rdf1 f6 26. exf6 Rxf6 27. fxg5 Rxf1+ 28. Rxf1
Qxg5 29. Bf4 Qf6 30. Qc1 Bxf4 31. Rxf4 Qh6 32. cxb5 axb5 33. Qf1 e5 34. Re4 1-0